Pomošč` Jevropejskogo Sojuza razvitiju stran Centraľnoj Azii
Hospodárska spolupráca krajín v rámci OECD. Hlavní donori: USA, Nemecko, Veľká Británia, Japonsko, Francúzsko. Analýza oficiálnej pomoci Európskej únie krajinám strednej Ázie. Úloha EÚ v regionálnom rozvoji strednej Ázie. Výška rozvojovej pomoci EÚ v krajinách strednej Ázie v rokoch 2005-2018. Prior...
Gespeichert in:
| 1. Verfasser: | |
|---|---|
| Format: | Buchkapitel |
| Sprache: | Russisch |
| Schlagworte: | |
| Tags: |
Keine Tags, Fügen Sie das erste Tag hinzu!
|
MARC
| LEADER | 00000naa$a2200000$$$4500 | ||
|---|---|---|---|
| 001 | 0267298 | ||
| 005 | 20240502083801.4 | ||
| 041 | 0 | |a rus | |
| 044 | |a UA | ||
| 245 | 1 | 0 | |a Pomošč` Jevropejskogo Sojuza razvitiju stran Centraľnoj Azii |c Andrianna Baleha |
| 520 | |a Hospodárska spolupráca krajín v rámci OECD. Hlavní donori: USA, Nemecko, Veľká Británia, Japonsko, Francúzsko. Analýza oficiálnej pomoci Európskej únie krajinám strednej Ázie. Úloha EÚ v regionálnom rozvoji strednej Ázie. Výška rozvojovej pomoci EÚ v krajinách strednej Ázie v rokoch 2005-2018. Priority novej stratégie rozvojovej pomoci EÚ. | ||
| 610 | 2 | 0 | |a pomoc rozvojová |
| 610 | 2 | 0 | |a rozvoj regionálny |
| 610 | 2 | 0 | |a spolupráca medzinárodná |
| 610 | 2 | 0 | |a efektívnosť |
| 610 | 2 | 0 | |a stredná Ázia |
| 610 | 2 | 0 | |a Európska únia |
| 100 | 1 | |a Baleha, Andrianna, 1990- | |